Delta Fleet - Statistics

General Stats
  • This quiz has been taken 21 times
  • The average score is 16 of 22
Answer Stats
In Service Aircraft % Correct
51 A320-200
100%
57 A319-100
94%
127 A321-200
94%
74 A321neo
94%
11 A330-200
81%
31 A330-300
81%
36 A330-900
81%
37 A350-900
81%
88 B757-200
75%
16 B757-300
75%
45 A220-100
69%
33 A220-300
69%
77 B737-800
69%
163 B737-900ER
69%
39 B767-300ER
69%
21 B767-400ER
69%
80 B717-200
63%
122 E175
63%
158 CRJ900
56%
11 E170
50%
17 CRJ700
44%
11 CRJ550
31%
No matching quizzes found
Score Distribution
Percent of People with Each Score
Percentile by Number Answered
Your Score History
You have not taken this quiz